00876nam a2200241 a 450000100100000000500170001000800410002702000150006804000250008308200220010810000410013024500870017126000410025830000210029949000250032065000370034570000250038283000320040791000390043904900090047895201300048799900170061700001930320200929165957.0100601s2003 sp 000 0 spa d a8430542450 aDO-SdBNPbspacBNPHU aR 291.1303bB171d1 aBalasch Blanch, Enric,d1955-94151510aDiccionario de mitología universal /cEnric Balasch Blanch, Yolanda Ruiz Arranz. aMadrid :bTikal Ediciones,c[2003?]. a355 p. ;c22 cm.1 aEl gran libro de ... 4aMitologíaxDiccionarios9415161 aRuiz, Yolanda941513 0aEl gran libro de ...941514 aValidado. Control de calidad BNPHU aBNPD 001054708GR-RaGRbBNPHUcHDd2010-06-01iLF1l0oR291.1303 B171dp19303-10r2020-06-25w2020-06-25y4ZPréstamo en sala c18821d18821